| 000 | 01138 a2200193 4500 | ||
|---|---|---|---|
| 001 | 30138 | ||
| 005 | 20260407155612.0 | ||
| 008 | 260407a1975 arg spa d | ||
| 003 | AR-UNSa-BCEJYS | ||
| 040 |
_aAR-UNSa-BCEJYS _bspa _cAR-UNSa-BCEJYS |
||
| 080 |
_a657.474.55 _xCostes directos e indirectos. Costes marginales |
||
| 245 | 1 | 0 | _aCostos indirectos de fabricación departamentalización |
| 264 | 1 |
_aBuenos Aires : _bEl Coloquio _c1975 |
|
| 300 |
_a301 p. _c21 cm. |
||
| 505 | _a1. Características de sus elementos - 2. Posición de los costos reales y aplicados - 3. Asignación y prorrateo de costos - 4. Costos indirectos y su acumulación. Distribución,destino final y capacidad de planta - 5. Cuota predeterminada - 6. Naturaleza de los gastos y su comportamiento con la productividad. Contabilización - 7. Gravitación de los gastos en la contribución marginal - 8. Centros de producción y de servicio - 9. Bases de distribución. Posiciones que originan - 10. Control directivo de los costos indirectos de fabricación. | ||
| 942 | _cBK | ||
| 590 | _aniveau_biblio:m niveau_hierar:0 | ||
| 100 | 1 | _aAimar Franco, Osvaldo | |
| 999 |
_c2034 _d2034 |
||